<?xml version="1.0" encoding="UTF-8"?>
<record
    xmlns:xsi="http://www.w3.org/2001/XMLSchema-instance"
    xsi:schemaLocation="http://www.loc.gov/MARC21/slim http://www.loc.gov/standards/marcxml/schema/MARC21slim.xsd"
    xmlns="http://www.loc.gov/MARC21/slim">

  <leader>03230nam a2200349 a 4500</leader>
  <controlfield tag="003">OSt</controlfield>
  <controlfield tag="005">20240814142123.0</controlfield>
  <controlfield tag="007">cr ||||||a|c|a</controlfield>
  <controlfield tag="008">240814s2019    mx a|||fom||| 001 0 spa d</controlfield>
  <datafield tag="040" ind1=" " ind2=" ">
    <subfield code="e">rda</subfield>
  </datafield>
  <datafield tag="100" ind1="1" ind2=" ">
    <subfield code="a">S&#xE1;nchez S&#xE1;nchez, Ulises Guadalupe</subfield>
    <subfield code="9">189410</subfield>
  </datafield>
  <datafield tag="245" ind1="1" ind2="0">
    <subfield code="a">Estudio y proyecto ejecutivo para la reconstrucci&#xF3;n, limpieza y dezasolve del R&#xED;o Carrizal, Michoac&#xE1;n /</subfield>
    <subfield code="c">por Ulises Guadalupe S&#xE1;nchez S&#xE1;nchez y Sami Elmer Roblero Cifuentes; director de tesis Laura Iba&#xF1;ez Castillo; secretario Francisco Ra&#xFA;l Hern&#xE1;ndez Saucedo; vocal Aurelio Reyes Ram&#xED;rez; suplente Natalio Guti&#xE9;rrez Carrillo; suplente Francisco Razo L&#xF3;pez.</subfield>
  </datafield>
  <datafield tag="264" ind1=" " ind2="1">
    <subfield code="a">Chapingo, M&#xE9;xico :</subfield>
    <subfield code="b">El autor,</subfield>
    <subfield code="c">2019.</subfield>
  </datafield>
  <datafield tag="300" ind1=" " ind2=" ">
    <subfield code="a">1 recurso en l&#xED;nea (229  p&#xE1;ginas):</subfield>
    <subfield code="b">cuadros, figuras.</subfield>
  </datafield>
  <datafield tag="336" ind1=" " ind2=" ">
    <subfield code="2">rdacontent</subfield>
    <subfield code="a">texto</subfield>
    <subfield code="b">txt</subfield>
  </datafield>
  <datafield tag="337" ind1=" " ind2=" ">
    <subfield code="2">rdamedia</subfield>
    <subfield code="a">computadora</subfield>
    <subfield code="b">c</subfield>
  </datafield>
  <datafield tag="338" ind1=" " ind2=" ">
    <subfield code="2">rdacarrier</subfield>
    <subfield code="a">recurso en l&#xED;nea</subfield>
    <subfield code="b">cr</subfield>
  </datafield>
  <datafield tag="502" ind1=" " ind2=" ">
    <subfield code="b">II</subfield>
    <subfield code="c">Irrigaci&#xF3;n</subfield>
    <subfield code="d">2019.</subfield>
    <subfield code="g">LIC</subfield>
  </datafield>
  <datafield tag="504" ind1=" " ind2=" ">
    <subfield code="a">Incluye referencias bibliogr&#xE1;ficas: p&#xE1;ginas 205-206.</subfield>
  </datafield>
  <datafield tag="520" ind1=" " ind2=" ">
    <subfield code="a">Ante la insuficiencia en la capacidad hidr&#xE1;ulica del cauce del R&#xED;o Carrizal y algunos de sus afluentes para conducir las avenidas que se dan ante la presencia de eventos de lluvia extremos, repercute en el desbordamiento del agua y la consecuente inundaci&#xF3;n del poblado dejando a su paso da&#xF1;os considerables en la infraestructura urbana, entre los que destaca recientemente la incidencia de lluvias ocurridas en octubre de 2015 producidas por el hurac&#xE1;n categor&#xED;a V denominado &#x201C;Patricia&#x201D;. Por lo anterior, la finalidad del siguiente trabajo fue contar con bases s&#xF3;lidas en cuanto a informaci&#xF3;n y datos obtenidos en la investigaci&#xF3;n documental y de campo, a trav&#xE9;s de estudios topogr&#xE1;ficos, hidrol&#xF3;gicos, de geotecnia, e hidr&#xE1;ulica fluvial. Los cuales permitieron elaborar un proyecto de reconstrucci&#xF3;n de las condiciones de desalojo del agua captada mediante la cuenca del R&#xED;o Carrizal, protegiendo as&#xED; a las vidas e infraestructura de los habitantes de la poblaci&#xF3;n de Arteaga, municipio de Arteaga, Michoac&#xE1;n. Se realiz&#xF3; el proyecto ejecutivo para la reconstrucci&#xF3;n, limpieza y desazolve del r&#xED;o Carrizal y sus afluentes, Reposici&#xF3;n de barrotes, reposici&#xF3;n y rehabilitaci&#xF3;n de estructuras de protecci&#xF3;n marginales. Para lo cual se tom&#xF3; en cuenta el gasto de dise&#xF1;o para un periodo de retorno de 20 a&#xF1;os, con lo que el cauce tendr&#xE1; una capacidad de conducci&#xF3;n de 265 m3/s. El costo total de la obra es de $ 42,861,717.91.</subfield>
  </datafield>
  <datafield tag="650" ind1=" " ind2="4">
    <subfield code="a">R&#xED;os</subfield>
    <subfield code="x">Rehabilitaci&#xF3;n</subfield>
    <subfield code="9">99171</subfield>
  </datafield>
  <datafield tag="650" ind1=" " ind2="4">
    <subfield code="a">Cuencas</subfield>
    <subfield code="x">Estudios hidrol&#xF3;gicos</subfield>
    <subfield code="9">130786</subfield>
  </datafield>
  <datafield tag="650" ind1=" " ind2="4">
    <subfield code="a">Escurrimientos</subfield>
    <subfield code="x">Medici&#xF3;n</subfield>
    <subfield code="9">133075</subfield>
  </datafield>
  <datafield tag="700" ind1="1" ind2=" ">
    <subfield code="a">Roblero Cifuentes , Sami Elmer</subfield>
    <subfield code="9">189411</subfield>
  </datafield>
  <datafield tag="700" ind1="1" ind2=" ">
    <subfield code="a">Ib&#xE1;&#xF1;ez Castillo, Laura Alicia</subfield>
    <subfield code="9">57233</subfield>
    <subfield code="e">Director de tesis.</subfield>
  </datafield>
  <datafield tag="700" ind1="1" ind2=" ">
    <subfield code="a">Hern&#xE1;ndez Saucedo, Francisco Ra&#xFA;l</subfield>
    <subfield code="9">54609</subfield>
    <subfield code="e">Secretario.</subfield>
  </datafield>
  <datafield tag="700" ind1="1" ind2=" ">
    <subfield code="a">Reyes Ram&#xED;rez, Aurelio</subfield>
    <subfield code="9">96956</subfield>
    <subfield code="e">Vocal.</subfield>
  </datafield>
  <datafield tag="700" ind1="1" ind2=" ">
    <subfield code="a">Guti&#xE9;rrez Carrillo, Natalio</subfield>
    <subfield code="9">51641</subfield>
    <subfield code="e">Suplente.</subfield>
  </datafield>
  <datafield tag="700" ind1="1" ind2=" ">
    <subfield code="a">Razo L&#xF3;pez, Francisco</subfield>
    <subfield code="9">94892</subfield>
    <subfield code="e">Suplente.</subfield>
  </datafield>
  <datafield tag="856" ind1=" " ind2=" ">
    <subfield code="u">http://10.13.5.2/tesis/tl/0911164-4_Y_1112419-4_SANCHEZ_SANCHEZ_ULISESGUADALUPE_Y_ROBLERO_CIFUENTES_SAMIELMER.pdf</subfield>
    <subfield code="z">DESCARGAR PDF</subfield>
  </datafield>
  <datafield tag="942" ind1=" " ind2=" ">
    <subfield code="2">Clasificaci&#xF3;n Universidad Aut&#xF3;noma Chapingo</subfield>
    <subfield code="c">TD</subfield>
  </datafield>
  <datafield tag="999" ind1=" " ind2=" ">
    <subfield code="c">220073</subfield>
    <subfield code="d">220073</subfield>
  </datafield>
  <datafield tag="952" ind1=" " ind2=" ">
    <subfield code="0">0</subfield>
    <subfield code="1">0</subfield>
    <subfield code="2">local</subfield>
    <subfield code="4">0</subfield>
    <subfield code="5">1</subfield>
    <subfield code="7">0</subfield>
    <subfield code="8">TesDigL</subfield>
    <subfield code="a">BD</subfield>
    <subfield code="b">BD</subfield>
    <subfield code="c">E_L</subfield>
    <subfield code="d">2024-08-14</subfield>
    <subfield code="l">0</subfield>
    <subfield code="o">Tesis digital</subfield>
    <subfield code="r">2024-08-14 09:43:03</subfield>
    <subfield code="w">2024-08-14</subfield>
    <subfield code="y">TD</subfield>
  </datafield>
</record>
